| 000 | 00875cab a22002055a 4500 | ||
|---|---|---|---|
| 001 | L155023 | ||
| 008 | 120220e20120210xxk 000 0 eng d | ||
| 035 | _a(Sirsi) u155023 | ||
| 041 | 0 | _aeng | |
| 100 | 1 | _aBarrett, Claer | |
| 245 | 0 | 0 |
_aMarkets _bLondon, Midtown |
| 260 | _c2012 | ||
| 490 | 0 |
_aProperty Week _v78(06) 10 February 2012, 53-59(5) |
|
| 520 | _aKnight Frank's Silicon London report reveals that the technology sector is outperforming the financial: Central London office-take up by technology and telecoms companies more than doubled in 2011. The People's Supermarket food shop co-operative in Holborn is seen as a pioneering venture likely to be copied nationally. Developers and Euston owners rail against High Speed 2 project. | ||
| 590 | _aKA | ||
| 651 | 4 | _aLondon | |
| 690 |
_aCommercial property _96227 |
||
| 700 | 1 | _aBar-Hillel, Mira | |
| 942 | _n0 | ||
| 999 |
_c83783 _d83783 |
||